| 000 | 00408 a2200097 4500 | ||
|---|---|---|---|
| 020 | _a9261022014 | ||
| 920 | _a92-61-02201-4 | ||
| 245 | 0 |
_aCCITT Plenary Assembly (Red Book) Malaga-Torremolinos, 1984 : _bSpecifications of Signalling System No.7, Recommendations Q.701-Q.714 : Fascicle / _c. _nVol.VI.7 |
|
| 710 | 2 |
_aInternational Telecommunication Union. _eWydawca _4pbl |
|
| 260 |
_aGeneva : _bITU, _c1984. |
||
| 300 |
_aXI, 373 s.; _c30 cm. |
||
| 999 |
_c13820 _d13820 |
||